000 00471nam a2200157Ia 4500
999 _c37265
_d37265
003 OSt
005 20201013152449.0
008 190216s9999||||xx |||||||||||||| ||und||
040 _coclc
082 _a338.479154
_bKUM/T
100 _aKumar, Nirmal
_95658
245 0 _aTourism And Economic Development /
_cNirmal Kumar
260 _bAPH Publishing,
_aNew Delhi:
_c1996.
300 _a146p
942 _cBK
_2ddc
_h338.479154
_iKUM/T
_k338.479154
_mKUM/T